000 00688cam a22002294a 4500
001 14062223
005 20251128110519.0
008 050803s2007 njuab 001 0 eng
020 _a0131709321
020 _a9780131709324
050 0 0 _aTA625
_b.K38 2007
082 0 0 _a526.9
_222
100 1 _aKavanagh, Barry F.
245 1 0 _aSurveying with construction applications /
_cBarry F. Kavanagh.
250 _a6th ed.
260 _aUpper Saddle River, N.J. :
_bPearson Prentice Hall,
_cc2007.
300 _axv, 681 p. :
_bill. (some col.), maps (some col.) ;
_c25 cm.
500 _aIncludes index.
650 0 _aSurveying.
650 0 _aBuilding sites.
942 _2lcc
_cBK
_e6th ed.
_n0
999 _c8399
_d8399